| 000 | 00874cam a22002777a 4500 | ||
|---|---|---|---|
| 003 | CHAP | ||
| 005 | 20220329134806.0 | ||
| 008 | 971013s r 00010 d | ||
| 010 | _a25986 | ||
| 011 | _a26958 | ||
| 035 | _a31059 | ||
| 040 | _cCHAP | ||
| 090 | _aFolleto 10777 | ||
| 245 | 0 | _aInternational Livestock Centre for Africa | |
| 260 |
_aAddis Ababa, Ethiopia : _bInternational Livestock Centre for Africa, _c(198?) |
||
| 300 |
_a(24) p. _b: ilus |
||
| 590 |
_aBATCH-UPD _b10 _c20130110 _lUCH01 _h2120 |
||
| 590 |
_aBATCH-UPD _b10 _c20130410 _lUCH01 _h1430 |
||
| 590 |
_aBATCH-UPD _b10 _c20130914 _lUCH01 _h1457 |
||
| 590 |
_aCONVERSION _b10 _c20130109 _lUCH01 _h1315 |
||
| 650 | 1 | 4 |
_aGanadería _xAfrica. _944605 |
| 650 | 1 | 4 |
_aGanadería _xInvestigación _xAfrica. _944757 |
| 901 | _aBK | ||
| 942 | _cFOLL | ||
| 949 |
_aFolleto 10777 _bBC _cFOLL _d-71946 _eTS1 _i31059 _mD _si |
||
| 999 |
_c25986 _d25986 |
||